00337nam a2200121Ia 4500008004100000020002200041041000800063082001300071100002500084245004400109260004800153300001400201220530s9999 xx 000 0 und d a978-81-85301-48-8 aeng a820bSBO aSBodhasaranand Swami aThe Complete Works of Swami Vivekananda aKolkatabAdvaita Ashrama Publlicationc2012 a543 PbPB